| 000 | 00679nam a22002297a 4500 | ||
|---|---|---|---|
| 999 |
_c8812 _d8812 |
||
| 003 | AR-CdUCM | ||
| 008 | 190326b ||||| |||| 00| 0 spa d | ||
| 020 | _a978-612-00-2500-0 | ||
| 040 |
_aMUNICIPALIDAD PROVINCIAL DEL CUSCO _cBIBLIOTECA MUNICIPAL DEL CUSCO |
||
| 082 |
_a869.56 / _bM96 |
||
| 100 |
_aMuñiz Caparó, Julio Gilberto _924555 |
||
| 245 | _aLas venas del alma / | ||
| 260 |
_aLima : _c2016. |
||
| 300 |
_a108 páginas ; _c20 cm. |
||
| 440 |
_aEl Cuaderno de Hampatu. _924556 |
||
| 505 | _aContenido: Poesías Romántica. | ||
| 650 |
_aLiteratura peruana _9169 |
||
| 650 |
_aPoesía _9139 |
||
| 650 |
_aSiglo XXI _92856 |
||
| 942 |
_2ddc _cLIBROS |
||
| 945 | _aachl | ||